Verše mieru Postupuje aj trio Košičaniek

Bibliographic Details
Main Author: or (Author)
Format: Article
Language:Slovak
Subjects:

MARC

LEADER 00000nab a2200000 a 4500
001 vtls000149736
003 SK-MaSNL
005 20260303130453.0
008 111104c1983 xo 0 slo
015 |a SNBRB19rr/mm-uuuuu 
035 |a CL0159843 
040 |a SNKBUCL  |b slo  |c SNKBUCL  |e AACR2 
041 0 |a slo 
044 |a xo  |c SK 
080 |a 82:061.7:06.063:885.4  |2 1981 
080 |a 061.7  |2 1981 
080 |a 06.063  |2 1981 
080 |a 885.4  |2 1981 
100 1 |a or  |4 aut  |9 933377 
245 1 0 |a Verše mieru  |b Postupuje aj trio Košičaniek  |c or 
650 0 7 |a recitácie  |2 snkbucl  |9 31371 
650 0 7 |a recitačné súťaže  |2 snkbucl  |9 71896 
650 0 7 |a prehliadky umelecké  |2 snkbucl  |9 1003682 
650 0 7 |a Vansovej Lomnička 1983  |2 snkbucl  |9 1145917 
651 7 |a 5403  |2 snkbucl  |9 893808 
655 7 |a články z novín a časopisov  |2 snkbucl  |9 267496 
655 7 |a články z odboru literárna veda a krásna literatúra  |2 snkbucl  |9 770045 
773 0 |t Večer  |g Roč. 16, č. 112 (9. 6. 1983), s. /3/ 
850 |a Slovenská národná knižnica v Martine  |a MTA001 
852 |a SNK  |b KIS3GCP 
958 |a RK 
958 |a LX 
992 |a RBX 
999 |c 1940821  |d 1942751